000 00925nam a2200277 i 4500
003 EG-GICUC
005 20260121101216.0
008 251112s1968 ua ||||fr|||| 00| 0 ara d
040 _a EG-GICUC
_bara
_c EG-GICUC
_d EG-GICUC
_erda
041 0 _aara
082 0 4 _221
_a345
_bب ك . ق
092 0 4 _221
099 _aLaw1 07 345 ب ك . ق 1968
100 0 _aبكر القباني
_eمؤلف.
245 1 2 _aالقانون الإداري /
_cالدكتور بكر القناني.
264 1 _aالقاهرة :
_bدار النهضة العربية،
_c[1968].
300 _a550 ؛صفحة
_c24 سم.
336 _2rda content
_atext
337 _2rda media
_aComputer
338 _2rda carrier
_aOnline Resource
546 _aالنص باللغة العربية
650 1 4 _aالقانون الإداري
856 4 0 _uhttps://fll.law.cu.edu.eg/fulltext/bks/B07-00643.pdf
905 _a32
942 _2ddc
_cBK
_e21
_n0
999 _c42934
_d42934